[Event "Horsens Lang Weekend op"]
[Site "Horsens"]
[Date "2013.07.20"]
[Round "6"]
[White "Nielsen, Peter Heine"]
[Black "Topholm, Morten"]
[Result "1-0"]
[WhiteElo "2658"]
[BlackElo "2149"]
[PlyCount "47"]
[EventDate "2013.07.18"]
[EventType "swiss"]
[EventRounds "7"]
[EventCountry "DEN"]
[SourceTitle "CBM 155 Extra"]
[Source "ChessBase"]
[SourceDate "2013.08.26"]
[SourceVersion "1"]
[SourceVersionDate "2013.08.26"]
[SourceQuality "1"]

1. d4 e6 2. e4 d5 3. Nc3 Bb4 4. e5 Qd7 5. a3 Bxc3+ 6. bxc3 b6 7. Qg4 f5 8. Qg3 Ba6 9. Bxa6 Nxa6 10. Nh3 Nb8 11. Nf4 Nc6 12. Nh5 Qf7 13. Qf3 Na5 14. g4 Nc4 15. gxf5 g6 16. Ng3 gxf5 17. Nh5 0-0-0 18. Rg1 h6 19. Rg7 Qf8 20. Rg6 Qf7 21. Nf4 Re8 22. Qg3 Qd7 23. Rg7 Qc6 24. Ng6 1-0

[Event "Horsens Lang Weekend op"]
[Site "Horsens"]
[Date "2013.07.18"]
[Round "2"]
[White "Korley, Kassa"]
[Black "Topholm, Morten"]
[Result "1-0"]
[WhiteElo "2258"]
[BlackElo "2149"]
[PlyCount "32"]
[EventDate "2013.07.18"]
[EventType "swiss"]
[EventRounds "7"]
[EventCountry "DEN"]
[SourceTitle "CBM 155 Extra"]
[Source "ChessBase"]
[SourceDate "2013.08.26"]
[SourceVersion "1"]
[SourceVersionDate "2013.08.26"]
[SourceQuality "1"]

1. d4 e6 2. c4 f5 3. Nf3 Nf6 4. Nc3 Bb4 5. Bd2 a5 6. g3 b6 7. Bg2 Bb7 8. 0-0 0-0 9. d5 Na6 10. Nd4 Qe8 11. a3 Bc5 12. e3 f4 13. gxf4 Nh5 14. Nde2 exd5 15. cxd5 Rf6 16. Ng3 Rh6 1-0

[Event "Odense Fynsmesterskabet"]
[Site "Odense"]
[Date "2011.06.01"]
[Round "1"]
[White "Tikkanen, Hans"]
[Black "Topholm, Morten"]
[Result "1-0"]
[WhiteElo "2560"]
[BlackElo "2159"]
[PlyCount "63"]
[EventDate "2011.06.01"]
[EventType "swiss"]
[EventRounds "9"]
[EventCountry "DEN"]
[SourceTitle "CBM 142 Extra"]
[Source "ChessBase"]
[SourceDate "2011.06.27"]
[SourceVersion "1"]
[SourceVersionDate "2011.06.27"]
[SourceQuality "1"]

1. d4 e6 2. c4 f5 3. Nc3 Bb4 4. e3 Nf6 5. Bd3 b6 6. Nge2 Bb7 7. 0-0 0-0 8. f3 Nh5 9. Qc2 Qh4 10. Bd2 Bd6 11. f4 Na6 12. a3 Rf6 13. Be1 Qg4 14. Ng3 Nxg3 15. Bxg3 Rh6 16. Qa4 Rf8 17. Be2 Qg6 18. Qxd7 Nb8 19. Qa4 Bc6 20. Qd1 a6 21. b4 Rf6 22. Bf3 Bd7 23. e4 fxe4 24. Nxe4 Be7 25. Nxf6+ Bxf6 26. Bf2 Qf5 27. Qd2 g5 28. fxg5 Bxg5 29. Be3 Bxe3+ 30. Qxe3 Qg6 31. Qf4 Qg7 32. Qxc7 1-0

[Event "Fyn-ch"]
[Site "Odense"]
[Date "2010.03.18"]
[Round "7"]
[White "Topholm, Morten"]
[Black "Bove Quist, Viggo"]
[Result "1/2-1/2"]
[WhiteElo "2201"]
[BlackElo "2165"]
[PlyCount "100"]
[EventDate "2010.01.14"]
[EventType "swiss"]
[EventRounds "7"]
[EventCountry "DEN"]
[SourceTitle "EXT 2018"]
[Source "ChessBase"]
[SourceDate "2017.10.13"]
[SourceVersion "1"]
[SourceVersionDate "2017.10.13"]
[SourceQuality "1"]

1. c4 e5 2. g3 Nf6 3. Bg2 d6 4. Nc3 c6 5. d4 Qc7 6. b3 Be7 7. Bb2 0-0 8. e3 Re8 9. Nf3 Bf8 10. c5 exd4 11. cxd6 Qxd6 12. Qxd4 Na6 13. Qxd6 Bxd6 14. 0-0 Bg4 15. h3 Bh5 16. g4 Bg6 17. Nh4 Rad8 18. Nxg6 hxg6 19. Rfd1 g5 20. Ne2 Nb4 21. a3 Nbd5 22. Rac1 a6 23. Kf1 Ne4 24. Bxe4 Rxe4 25. Nc3 Nxc3 26. Bxc3 Re6 27. Bb4 Kf8 28. Rxd6 Rexd6 29. Rd1 Ke7 30. f4 gxf4 31. exf4 Ke6 32. Rxd6+ Rxd6 33. Bxd6 Kxd6 34. Ke2 Ke6 35. h4 f5 36. g5 g6 37. Kd3 Kd5 38. Kc3 a5 39. b4 a4 40. b5 c5 41. b6 c4 42. Kd2 Ke6 43. Kc3 Kd5 44. Kd2 Ke6 45. Kc3 Kd5 46. Kb4 Kd4 47. h5 gxh5 48. g6 c3 49. g7 c2 50. g8Q c1Q 1/2-1/2

[Event "Fyn-ch"]
[Site "Odense"]
[Date "2010.03.11"]
[Round "6"]
[White "Frantsen, Tom"]
[Black "Topholm, Morten"]
[Result "0-1"]
[WhiteElo "2106"]
[BlackElo "2201"]
[PlyCount "92"]
[EventDate "2010.01.14"]
[EventType "swiss"]
[EventRounds "7"]
[EventCountry "DEN"]
[SourceTitle "EXT 2018"]
[Source "ChessBase"]
[SourceDate "2017.10.13"]
[SourceVersion "1"]
[SourceVersionDate "2017.10.13"]
[SourceQuality "1"]

1. Nf3 e6 2. d3 b6 3. g3 Bb7 4. Bg2 Be7 5. e4 c5 6. Nc3 d6 7. d4 cxd4 8. Nxd4 a6 9. 0-0 Qc7 10. Be3 Nf6 11. Qe2 0-0 12. Rfd1 Nbd7 13. f3 Rac8 14. a4 Ne5 15. Bf1 Qb8 16. Qf2 Qa8 17. Bd3 d5 18. exd5 Nxd5 19. Nxd5 Bxd5 20. Be2 Bc5 21. f4 Bxd4 22. Bxd4 Nf3+ 23. Bxf3 Bxf3 24. Rd3 Be4 25. Rc3 Rxc3 26. Bxc3 Qc6 27. Qd2 f6 28. a5 b5 29. Bb4 Rc8 30. c3 h6 31. Re1 Bd5 32. Qd4 Qd7 33. Rd1 Qf7 34. Rd2 Qh5 35. Qe3 Rc4 36. Qe2 Qf5 37. Rd4 Rxd4 38. cxd4 Qb1+ 39. Kf2 Qh1 40. Be1 Bc4 41. Qd1 Qxh2+ 42. Ke3 Qxb2 43. Qd2 Qb1 44. Qc3 Qd1 45. Qd2 Qb1 46. Qc3 b4 0-1

[Event "Fyn-ch"]
[Site "Odense"]
[Date "2010.01.14"]
[Round "1"]
[White "Topholm, Morten"]
[Black "Rasmussen, Jens"]
[Result "1-0"]
[WhiteElo "2201"]
[BlackElo "1810"]
[PlyCount "71"]
[EventDate "2010.01.14"]
[EventType "swiss"]
[EventRounds "7"]
[EventCountry "DEN"]
[SourceTitle "EXT 2018"]
[Source "ChessBase"]
[SourceDate "2017.10.13"]
[SourceVersion "1"]
[SourceVersionDate "2017.10.13"]
[SourceQuality "1"]

1. e4 c5 2. g3 g6 3. Bg2 Bg7 4. d3 Nc6 5. Nc3 e6 6. Be3 d6 7. Rb1 Bd7 8. a3 Qa5 9. Nh3 h6 10. Qd2 Nge7 11. 0-0 e5 12. b4 cxb4 13. axb4 Qc7 14. Nb5 Qb8 15. f4 a6 16. Na3 Qc8 17. Nc4 Qc7 18. Nb6 Rd8 19. Nxd7 Rxd7 20. b5 axb5 21. f5 gxf5 22. Rxb5 Nd4 23. Bxd4 exd4 24. exf5 Be5 25. Rxb7 Qc8 26. Rxd7 Qxd7 27. f6 Ng8 28. Ra1 Bxf6 29. Nf4 Qb5 30. Nd5 Bd8 31. Qf4 Qc5 32. Qe4+ Kf8 33. Ra8 Qxc2 34. Rxd8+ Kg7 35. Qg4+ Kh7 36. Be4+ 1-0